عرض عادي
عرض مارك
- اللغة العربية
مدخل مصطلح موضوعي
001 - رقم الضبط
- حقل الضبط: 58719
003 - معرف رقم الضبط
- حقل الضبط: OSt
005 - تاريخ ووقت أخر عملية
- حقل الضبط: 20170817163642.0
008 - عناصر بيانات ثابتة الطول
- حقل تحكم ثابت الطول: 170817|| aca||aabn | a|a d
040 ## - مصدر الفهرسة
- هيئة الفهرسة الأصلية: OSt
- وكالة الكتابة: OSt
150 ## - مدخل-- مصطلح تاريخي
- عنصر مدخل المصطلح الموضوعي او الاسم الجغرافي: اللغة العربية
- تفريع عام: نحو
670 ## - بيانات المصدر موجوده
- الاستشهاد بالمصدر: Work cat.: (OSt): داود، أحمد إبراهيم هندي 58718, المصطلح النحوي في كتاب سيبويه :, 2017.
